| 000 | 01026cam a2200277 a 4500 | ||
|---|---|---|---|
| 001 | 2647 | ||
| 005 | 20240108134237.0 | ||
| 020 | _a0439385776 (hardcover) | ||
| 040 |
_aDLC _cDLC _dDLC _beng |
||
| 050 | 0 | 0 |
_aPZ7.O765 _bCal 2004 |
| 082 | 0 | 0 |
_a813 _222 |
| 100 | 1 |
_aCofer, Judith Ortiz _d1952- |
|
| 245 | 1 | 0 |
_aCall me Maria : _ba novel / _cJudith Ortiz Cofer |
| 250 | _aFirst Scholastic paperback printing, July 2006 | ||
| 260 |
_aNew York : _bScholastic, _c2004 |
||
| 300 |
_a127 pages : _c20cm |
||
| 505 | _aZ | ||
| 520 | _aFifteen-year-old Maria leaves her mother and their Puerto Rican home to live in the barrio of New York with her father, feeling torn between the two cultures in which she has been raised. | ||
| 521 |
_a970 _bLexile |
||
| 521 |
_aZ _bRaz-Plus |
||
| 650 | 0 |
_aPuerto Ricans _zNew York (State) _zNew York _vJuvenile fiction. |
|
| 650 | 1 |
_aPuerto Ricans _zNew York (State) _zNew York _vFiction. |
|
| 650 | 1 |
_aIdentity _vFiction. |
|
| 906 |
_a7 _bcbc _corignew _d1 _eecip _f20 _gy-gencatlg |
||
| 942 |
_2ddc _cBK _n0 |
||
| 999 |
_c2647 _d2647 |
||